[Event "DPMM 2122 Greifswalder SV - OSG Baden-B"]
[Site "?"]
[Date "2022.05.21"]
[Round "30.4"]
[White "Meier, Georg"]
[Black "Leisner, Hannes"]
[Result "1-0"]
[WhiteElo "2632"]
[BlackElo "2208"]
[PlyCount "65"]
[EventDate "2022.??.??"]

1. Nf3 Nf6 2. g3 g6 3. Bg2 Bg7 4. O-O O-O 5. d4 d5 6. Nbd2 c6 7. c4 a5 8. b3
Be6 9. e3 a4 10. Ba3 Re8 11. Qe2 Qa5 12. b4 Qd8 13. Rfc1 dxc4 14. Nxc4 Bd5 15.
Rab1 b5 16. Nce5 Ne4 17. Rc2 f6 18. Nd3 Nd7 19. Nf4 Nb6 20. Nxd5 cxd5 21. Qxb5
Nd6 22. Qd3 Nbc4 23. b5 Rb8 24. Bc5 e6 25. Nd2 Bf8 26. Nxc4 Nxc4 27. Rxc4 dxc4
28. Qxc4 Qc7 29. Bc6 Qxc6 30. bxc6 Rxb1+ 31. Kg2 Bxc5 32. c7 Kf7 33. Qxc5 1-0

[Event "DPMM 2122 SF Lieme - SK Kirchweyhe"]
[Site "?"]
[Date "2022.05.22"]
[Round "40.1"]
[White "Brkic, Ante"]
[Black "Niermann, Tristan"]
[Result "1-0"]
[WhiteElo "2612"]
[BlackElo "2256"]
[PlyCount "109"]
[EventDate "2022.??.??"]

1. e4 c5 2. Nf3 d6 3. Bb5+ Bd7 4. Bxd7+ Qxd7 5. O-O Nf6 6. Qe2 Nc6 7. c3 e6 8.
d4 cxd4 9. cxd4 d5 10. e5 Ne4 11. Nbd2 Nxd2 12. Bxd2 Be7 13. g3 O-O 14. Kg2 f5
15. exf6 Bxf6 16. Bc3 Rae8 17. Rad1 Qf7 18. a3 Kh8 19. Rd3 g5 20. h3 Qg7 21.
Re1 Rf7 22. Qd1 Bd8 23. b4 b5 24. a4 a6 25. axb5 axb5 26. Ne5 Nxe5 27. Rxe5 Bc7
28. Ree3 Bd6 29. Qe2 Qg6 30. Rd1 Ref8 31. Be1 Rf6 32. Qxb5 Bf4 33. Re2 Qh5 34.
Qd3 Rh6 35. g4 Qf7 36. Bd2 Rf6 37. Rf1 Bb8 38. f3 Qc7 39. Re5 h6 40. h4 gxh4
41. Be1 Qg7 42. Bxh4 Bxe5 43. dxe5 Rf4 44. Bf6 R4xf6 45. exf6 Qxf6 46. b5 Rc8
47. Rb1 Rc3 48. Qe2 h5 49. b6 hxg4 50. fxg4 Qf4 51. Rh1+ Kg7 52. Rh3 Rc1 53.
Qd3 Rc8 54. Qh7+ Kf6 55. Rf3 1-0

[Event "DPMM 2122 SF Lieme - SK Kirchweyhe"]
[Site "?"]
[Date "2022.05.22"]
[Round "40.2"]
[White "(), Robin"]
[Black "Genov, Petar"]
[Result "1/2-1/2"]
[WhiteElo "2218"]
[BlackElo "2419"]
[PlyCount "54"]
[EventDate "2022.??.??"]

1. d4 Nf6 2. c4 e6 3. Nf3 b6 4. g3 Bb7 5. Bg2 c5 6. d5 exd5 7. Nh4 g6 8. Nc3
Bg7 9. O-O O-O 10. Re1 Na6 11. cxd5 d6 12. e4 Re8 13. Nf3 Nc7 14. a4 a6 15. Rb1
b5 16. axb5 Nxb5 17. Qd3 Qc7 18. Bf4 c4 19. Qc2 Nd7 20. Nxb5 axb5 21. b3 c3 22.
b4 Nb6 23. Bf1 Nc4 24. Ra1 Rxa1 25. Rxa1 f5 26. Ng5 Bc8 27. Ne6 Bxe6 1/2-1/2

[Event "DPMM 2122 SF Lieme - SK Kirchweyhe"]
[Site "?"]
[Date "2022.05.22"]
[Round "40.3"]
[White "Essing, Arnold"]
[Black "Genova, Lyubka"]
[Result "1-0"]
[WhiteElo "2202"]
[BlackElo "2225"]
[PlyCount "101"]
[EventDate "2022.??.??"]

1. d4 Nf6 2. Nf3 e6 3. c4 b6 4. a3 Bb7 5. Bg5 Be7 6. e3 Ne4 7. Bxe7 Qxe7 8. Be2
f5 9. O-O O-O 10. Ne1 d6 11. f3 Nf6 12. Nc3 Nbd7 13. Nc2 e5 14. Qd2 a6 15. Rad1
Rae8 16. Rfe1 g5 17. dxe5 dxe5 18. Nb4 c5 19. Nbd5 Qf7 20. Nc7 Rc8 21. Qd6 Kh8
22. Bd3 Rfd8 23. Qe6 Qf8 24. N3d5 Nxd5 25. Nxd5 b5 26. Ne7 Re8 27. Qxd7 Rxe7
28. Qxf5 Qg7 29. cxb5 Rf8 30. Qg4 axb5 31. Be4 Bc8 32. Qg3 h5 33. Rd6 h4 34.
Qf2 Be6 35. Red1 Bb3 36. R1d2 Re6 37. Qe2 Bc4 38. Qd1 Qf6 39. Rd8 Kg7 40. Rxf8
Kxf8 41. b3 b4 42. bxc4 bxa3 43. Qb3 Rd6 44. Qb8+ Ke7 45. Qxd6+ Qxd6 46. Rxd6
Kxd6 47. Bb1 Kc6 48. Kf2 Kb6 49. Ke2 Ka5 50. Kd3 Kb4 51. Ba2 1-0

[Event "DPMM 2122 SF Lieme - SK Kirchweyhe"]
[Site "?"]
[Date "2022.05.22"]
[Round "40.4"]
[White "Medak, Bojan"]
[Black "Schaffarczyk, Andre"]
[Result "1/2-1/2"]
[WhiteElo "2353"]
[BlackElo "2138"]
[PlyCount "61"]
[EventDate "2022.??.??"]

1. c4 e5 2. Nc3 Nf6 3. Nf3 Nc6 4. e4 Bc5 5. Nxe5 Nxe5 6. d4 Bb4 7. dxe5 Nxe4 8.
Qf3 Nxc3 9. bxc3 Be7 10. Qg3 Kf8 11. Be2 d6 12. O-O dxe5 13. Qxe5 Bd6 14. Qh5
Qf6 15. c5 Be7 16. Be3 Bf5 17. Rfd1 Qg6 18. Bf4 Rc8 19. Qf3 Be4 20. Qh3 Bf5 21.
Qe3 Qe6 22. Qf3 Be4 23. Qg3 Bc6 24. Bg4 f5 25. Re1 Qg6 26. Bxf5 Qxf5 27. Rxe7
Kxe7 28. Qxg7+ Ke6 29. Re1+ Be4 30. f3 Rhg8 31. Qd4 1/2-1/2

[Event "DPMM 2122 SC Heimbach-Weis-Neuwied - Sc"]
[Site "?"]
[Date "2022.05.22"]
[Round "40.1"]
[White "Kollars, Dmitrij"]
[Black "Winterberg, Lukas"]
[Result "1-0"]
[WhiteElo "2635"]
[BlackElo "2384"]
[PlyCount "59"]
[EventDate "2022.??.??"]

1. e4 e6 2. d4 d5 3. Nc3 Nf6 4. e5 Nfd7 5. f4 c5 6. Nf3 Nc6 7. Be3 a6 8. a3
cxd4 9. Nxd4 Bc5 10. Qd2 O-O 11. O-O-O Nxd4 12. Bxd4 Bxd4 13. Qxd4 f6 14. Nxd5
fxe5 15. fxe5 Qg5+ 16. Qe3 Qxe3+ 17. Nxe3 Nxe5 18. Nc4 Ng4 19. Nb6 Rb8 20. Re1
e5 21. h3 Nf6 22. Bc4+ Kh8 23. Rxe5 Bd7 24. Nxd7 Nxd7 25. Re7 Nf6 26. Rd1 b5
27. Be2 h6 28. Rd6 a5 29. Re5 b4 30. Rxa5 1-0

[Event "DPMM 2122 SC Heimbach-Weis-Neuwied - Sc"]
[Site "?"]
[Date "2022.05.22"]
[Round "40.2"]
[White "Boidman, Yuri"]
[Black "Keymer, Vincent"]
[Result "0-1"]
[WhiteElo "2302"]
[BlackElo "2667"]
[PlyCount "138"]
[EventDate "2022.??.??"]

1. e4 c5 2. Nf3 d6 3. d4 cxd4 4. Qxd4 Nf6 5. Nc3 Nc6 6. Bb5 Bd7 7. Bxc6 Bxc6 8.
Bg5 e6 9. O-O-O Be7 10. Qd3 Qa5 11. Bd2 Ng4 12. Qe2 Qc5 13. Nd4 Qxd4 14. Qxg4
O-O 15. Be3 Qf6 16. h4 b5 17. f3 Qg6 18. Qh3 f5 19. h5 Qf7 20. exf5 Qxf5 21.
Qxf5 Rxf5 22. h6 g6 23. Ne4 Bd5 24. Nc3 Bc6 25. Ne4 Bxe4 26. fxe4 Re5 27. Bf4
Rxe4 28. Bxd6 Bg5+ 29. Kb1 Rd8 30. a3 a6 31. g3 e5 32. Rd5 Rd4 33. Rxd4 exd4
34. Be5 d3 35. cxd3 Rxd3 36. Kc2 Rf3 37. g4 Kf7 38. Bg7 Rf2+ 39. Kd3 Rf4 40.
Rg1 Ke6 41. Re1+ Kd7 42. Re4 Rf2 43. a4 Bc1 44. axb5 axb5 45. Rd4+ Kc6 46. Re4
Rd2+ 47. Kc3 Rxb2 48. Re6+ Kd5 49. Re5+ Kd6 50. Re8 Rh2 51. Rb8 Kc6 52. Rc8+
Kd5 53. Rb8 Rh3+ 54. Kc2 Bxh6 55. Bf6 Bf4 56. Rxb5+ Kc4 57. Rb7 Rh2+ 58. Kd1
Kd3 59. Ke1 Ke4 60. g5 Kf3 61. Kd1 Rd2+ 62. Ke1 Rc2 63. Rb1 Be3 64. Kd1 Rd2+
65. Ke1 Rg2 66. Kd1 Rg1+ 67. Kc2 Rxb1 68. Kxb1 Kg4 69. Kc2 Bxg5 0-1

[Event "DPMM 2122 SC Heimbach-Weis-Neuwied - Sc"]
[Site "?"]
[Date "2022.05.22"]
[Round "40.3"]
[White "Ronge, Tim"]
[Black "Dautov, Rustem"]
[Result "1/2-1/2"]
[WhiteElo "2182"]
[BlackElo "2601"]
[PlyCount "106"]
[EventDate "2022.??.??"]

1. e4 c6 2. d4 d5 3. e5 Bf5 4. h4 h5 5. Bd3 Bxd3 6. Qxd3 e6 7. Bg5 Qa5+ 8. Nd2
Qa6 9. c4 Bb4 10. b3 Nd7 11. Ngf3 Ne7 12. O-O Nf5 13. Rfc1 Ba3 14. Rd1 O-O 15.
Nf1 Rfe8 16. Ne3 Nxe3 17. Bxe3 Be7 18. Bg5 Bf8 19. g4 hxg4 20. Nh2 dxc4 21.
bxc4 Qa3 22. Qe2 f5 23. exf6 gxf6 24. Bc1 Qe7 25. Nxg4 f5 26. Bg5 Qg7 27. Ne5
Nxe5 28. dxe5 Rad8 29. Kh1 Rxd1+ 30. Rxd1 Qf7 31. Rd3 Bg7 32. f4 c5 33. Qd1 Qc7
34. Rd7 Qc6+ 35. Kh2 Rf8 36. h5 Rf7 37. Rxf7 Kxf7 38. h6 Bh8 39. Qh5+ Kf8 40.
h7 Qe4 41. Qd1 Kf7 42. Qd7+ Kg6 43. Qxe6+ Kxh7 44. Qd5 Qe2+ 45. Qg2 Qxc4 46.
Qh3+ Kg8 47. Qxf5 Qe2+ 48. Kg3 Qe1+ 49. Kg4 Qe2+ 50. Kh4 Qh2+ 51. Kg4 Qe2+ 52.
Kh4 Qh2+ 53. Kg4 Qe2+ 1/2-1/2

[Event "DPMM 2122 SC Heimbach-Weis-Neuwied - Sc"]
[Site "?"]
[Date "2022.05.22"]
[Round "40.4"]
[White "Heimann, Andreas"]
[Black "Puth, Dieter"]
[Result "1-0"]
[WhiteElo "2575"]
[BlackElo "2227"]
[PlyCount "79"]
[EventDate "2022.??.??"]

1. Nf3 Nf6 2. c4 c5 3. Nc3 Nc6 4. e3 e6 5. d4 d5 6. a3 a6 7. dxc5 Bxc5 8. b4
Bd6 9. Bb2 O-O 10. cxd5 exd5 11. Be2 Re8 12. O-O Bg4 13. h3 Bh5 14. Rc1 Bc7 15.
Nh4 Qd6 16. g3 Bg6 17. Bf3 Rad8 18. Nxg6 hxg6 19. Bg2 Bb8 20. Na4 Ne5 21. Nc5
Re7 22. Qe2 Nc4 23. Nxb7 Rxb7 24. Rxc4 a5 25. Rd1 axb4 26. axb4 Rxb4 27. Ba3
dxc4 28. Rxd6 Rb1+ 29. Kh2 Bxd6 30. Bb2 Rb8 31. Bd4 Rc8 32. Qa2 Rbb8 33. Qa5
Bb4 34. Qa7 c3 35. Bxf6 gxf6 36. Bd5 Rf8 37. Bxf7+ Kg7 38. Be8+ Kh6 39. Qxb8 c2
40. Qxb4 1-0

[Event "DPMM 2122 SG Leipzig - SC Viernheim"]
[Site "?"]
[Date "2022.05.22"]
[Round "40.1"]
[White "Kryvoruchko, Yuriy"]
[Black "Nguyen, Alex Dac-Vuong"]
[Result "1/2-1/2"]
[WhiteElo "2674"]
[BlackElo "2310"]
[PlyCount "107"]
[EventDate "2022.??.??"]

1. e4 e6 2. d4 d5 3. Nc3 dxe4 4. Nxe4 Nd7 5. Nf3 Ngf6 6. Bd3 Nxe4 7. Bxe4 c5 8.
O-O Nf6 9. Bg5 Be7 10. Bxf6 gxf6 11. Re1 f5 12. Bd3 cxd4 13. Nxd4 O-O 14. c3
Bf6 15. Bc2 Qc7 16. Re3 Kh8 17. Qh5 Rg8 18. Rg3 Rg6 19. Ba4 Bd7 20. Bxd7 Qxd7
21. Rd1 Rd8 22. Rh3 Rg7 23. Rhd3 Qd5 24. Qf3 Rgg8 25. Qxd5 Rxd5 26. Nb3 Rb5 27.
Rd7 Kg7 28. R1d2 Rc8 29. Nd4 Bxd4 30. R7xd4 Rc7 31. Kf1 e5 32. Rd5 Rxd5 33.
Rxd5 f6 34. Ke2 Kg6 35. g3 a6 36. Rd6 Kg5 37. Rd8 f4 38. Rg8+ Kf5 39. g4+ Ke6
40. f3 h5 41. g5 Kf7 42. Rh8 Kg7 43. Rh6 fxg5 44. Rxh5 Kf6 45. Rh8 Rf7 46. h4
gxh4 47. Rxh4 Rg7 48. Rh6+ Kf5 49. Rb6 e4 50. fxe4+ Kxe4 51. Rb4+ Kf5 52. Kf3
Rg3+ 53. Kf2 Rg7 54. Kf3 1/2-1/2

[Event "DPMM 2122 SG Leipzig - SC Viernheim"]
[Site "?"]
[Date "2022.05.22"]
[Round "40.2"]
[White "Natsidis, Christoph"]
[Black "Fedorchuk, Sergey A."]
[Result "0-1"]
[WhiteElo "2347"]
[BlackElo "2606"]
[PlyCount "116"]
[EventDate "2022.??.??"]

1. Nf3 Nf6 2. g3 b6 3. Bg2 Bb7 4. O-O c5 5. c4 g6 6. Nc3 Bg7 7. Re1 Ne4 8. Nd5
e6 9. Nf4 O-O 10. d3 Nf6 11. e4 d6 12. Bd2 Nfd7 13. Rb1 Nc6 14. h4 Nde5 15. Nh2
a6 16. Be3 b5 17. cxb5 axb5 18. a3 Qe7 19. Ne2 c4 20. Nf4 cxd3 21. Nxd3 Nxd3
22. Qxd3 Ne5 23. Qd1 Ra4 24. Ng4 Nxg4 25. Qxg4 Qd7 26. Qd1 Rc8 27. Qd3 Bc6 28.
Red1 Bf8 29. Rbc1 Qb7 30. Bd4 e5 31. Be3 Rca8 32. f3 b4 33. axb4 Rxb4 34. Rc2
Bd7 35. Rdc1 Be6 36. Rc7 Qb8 37. h5 Rxb2 38. hxg6 hxg6 39. f4 Raa2 40. Bf1 Rb3
41. R7c3 Rxc3 42. Qxc3 Bg7 43. f5 gxf5 44. exf5 Bxf5 45. Bc4 Rb2 46. Rf1 Be6
47. Bxe6 fxe6 48. Qc4 Qb3 49. Qc8+ Kh7 50. Bf2 Rb1 51. Qd8 Rxf1+ 52. Kxf1 Qb1+
53. Be1 Qf5+ 54. Bf2 d5 55. Qh4+ Kg6 56. g4 Qg5 57. Qh3 Qh6 58. Bh4 Kf7 0-1

[Event "DPMM 2122 SG Leipzig - SC Viernheim"]
[Site "?"]
[Date "2022.05.22"]
[Round "40.3"]
[White "Roesemann, Rainer"]
[Black "Zaragatski, Ilja"]
[Result "0-1"]
[WhiteElo "2270"]
[BlackElo "2507"]
[PlyCount "96"]
[EventDate "2022.??.??"]

1. c4 e6 2. g3 d5 3. Bg2 Nf6 4. Nf3 Be7 5. O-O O-O 6. b3 c6 7. Bb2 b6 8. d3 Bb7
9. Nbd2 c5 10. e3 Nc6 11. Qe2 Qc7 12. e4 dxc4 13. dxc4 e5 14. Rfd1 Rfe8 15. Nf1
Bf8 16. Ne1 Nd4 17. Bxd4 exd4 18. f3 b5 19. cxb5 Nd5 20. Qd3 Nc3 21. Rdc1 a6
22. b6 Qxb6 23. Nd2 a5 24. Nc4 Qh6 25. Qc2 a4 26. Nd3 Qa6 27. Qb2 f5 28. e5 Bd5
29. f4 Bxc4 30. bxc4 Rab8 31. Qc2 Qxc4 32. Bf1 Kh8 33. Nb2 Qb4 34. Nc4 g6 35.
Bd3 Qb7 36. Rf1 Qf7 37. Rae1 Rb4 38. g4 Qd5 39. gxf5 Rxc4 40. Bxc4 Qxc4 41.
fxg6 d3 42. Qd2 Ne2+ 43. Kg2 Qe4+ 44. Rf3 Qxg6+ 45. Kf2 c4 46. Rxe2 dxe2 47.
Kxe2 Qg2+ 48. Rf2 Qe4+ 0-1

[Event "DPMM 2122 SG Leipzig - SC Viernheim"]
[Site "?"]
[Date "2022.05.22"]
[Round "40.4"]
[White "Abergel, Thal"]
[Black "Richter, Leonard"]
[Result "1-0"]
[WhiteElo "2378"]
[BlackElo "2288"]
[PlyCount "69"]
[EventDate "2022.??.??"]

1. e4 c5 2. Nf3 d6 3. Bc4 Nf6 4. e5 dxe5 5. Nxe5 e6 6. Qe2 Bd6 7. b3 a6 8. a4
Qc7 9. Bb2 Nc6 10. Nxc6 Qxc6 11. O-O b6 12. f4 Bb7 13. f5 O-O 14. Bxf6 gxf6 15.
fxe6 fxe6 16. Qxe6+ Kh8 17. Qh3 Be5 18. c3 Rad8 19. Be2 Qc7 20. Bf3 Bc8 21. Qh5
Rg8 22. Na3 Rg5 23. Qh4 Rdg8 24. Nc4 Qg7 25. Rf2 Bg4 26. Nxe5 Rxe5 27. Bxg4
Qxg4 28. Qxf6+ Qg7 29. Qxb6 Rg5 30. Qc6 h5 31. Re1 h4 32. Re8 Kh7 33. Rxg8 Kxg8
34. Qe8+ Kh7 35. Qe4+ 1-0

[Event "DPMM 2122 OSG Baden-Baden - SG Solingen"]
[Site "?"]
[Date "2022.05.22"]
[Round "40.1"]
[White "Van Wely, Loek"]
[Black "Gustafsson, Jan"]
[Result "1/2-1/2"]
[WhiteElo "2618"]
[BlackElo "2639"]
[PlyCount "47"]
[EventDate "2022.??.??"]

1. d4 Nf6 2. c4 e6 3. g3 d5 4. Nf3 Bb4+ 5. Bd2 a5 6. Qc2 O-O 7. Bg2 c5 8. dxc5
d4 9. Bxb4 axb4 10. O-O Nc6 11. Nbd2 e5 12. Ng5 Qe7 13. a3 bxa3 14. Rxa3 Rxa3
15. bxa3 Qxc5 16. Nde4 Nxe4 17. Qxe4 g6 18. Qh4 h5 19. Ne4 Qxc4 20. Qg5 Kg7 21.
Qf6+ Kg8 22. Qg5 Kg7 23. Qf6+ Kg8 24. Qg5 1/2-1/2

[Event "DPMM 2122 OSG Baden-Baden - SG Solingen"]
[Site "?"]
[Date "2022.05.22"]
[Round "40.2"]
[White "Donchenko, Alexander"]
[Black "Krastev, Alexander"]
[Result "1-0"]
[WhiteElo "2599"]
[BlackElo "2412"]
[PlyCount "67"]
[EventDate "2022.??.??"]

1. c4 Nf6 2. g3 e6 3. Bg2 d5 4. d4 c5 5. cxd5 exd5 6. Nf3 Nc6 7. O-O cxd4 8.
Nxd4 Bc5 9. Nxc6 bxc6 10. Qc2 Bb6 11. Qxc6+ Bd7 12. Qd6 Rc8 13. Nc3 d4 14. Nd5
Nxd5 15. Bxd5 Qe7 16. Qxe7+ Kxe7 17. Be4 Bb5 18. a4 Bxe2 19. Re1 Bc4 20. a5 Bc5
21. Bb7+ Kd7 22. Bxc8+ Rxc8 23. Bd2 Bb3 24. Rac1 f6 25. Re4 Rc6 26. Rh4 a6 27.
Rxh7 Bf8 28. Rh8 Rxc1+ 29. Bxc1 Bc5 30. Rb8 Bd5 31. Bd2 Kc7 32. Bf4+ Kc6 33. b4
Ba7 34. Rd8 1-0

[Event "DPMM 2122 OSG Baden-Baden - SG Solingen"]
[Site "?"]
[Date "2022.05.22"]
[Round "40.3"]
[White "Kasimdzhanov, Rustam"]
[Black "Schaefer, Markus"]
[Result "1-0"]
[WhiteElo "2659"]
[BlackElo "2373"]
[PlyCount "135"]
[EventDate "2022.??.??"]

1. d4 Nf6 2. c4 g6 3. Nc3 Bg7 4. e4 d6 5. Nf3 O-O 6. Be2 Na6 7. O-O e5 8. Re1
c6 9. Be3 Ng4 10. Bg5 Qc7 11. Bh4 Re8 12. h3 exd4 13. Nxd4 Nf6 14. Bf3 Qb6 15.
Qd2 Nd7 16. Rad1 Nac5 17. Bg3 Ne5 18. Be2 Ned3 19. Bxd3 Bxd4 20. Bc2 Be5 21.
Re3 Be6 22. b3 Rad8 23. Kh1 Bg7 24. Bh4 f6 25. f4 Bf7 26. Rf3 Qc7 27. Bf2 a5
28. Be3 Qe7 29. Bd4 Ra8 30. Bg1 Red8 31. Re1 Qc7 32. Qf2 Nd7 33. Qh4 Re8 34.
Rd1 Nc5 35. Qg3 Rad8 36. f5 Nd7 37. fxg6 hxg6 38. Rxd6 Ne5 39. Rxd8 Qxd8 40.
Rf2 Qe7 41. Nb1 a4 42. bxa4 Nxc4 43. Nd2 Ne5 44. Bb3 c5 45. Bd5 c4 46. Rf1 Bxd5
47. exd5 f5 48. Bd4 Qf7 49. d6 Qd5 50. Qc3 Qxd6 51. Bxe5 Qxe5 52. Qxc4+ Qe6 53.
Re1 Qxc4 54. Rxe8+ Kf7 55. Nxc4 Kxe8 56. Nd6+ Kd7 57. Nxb7 Bd4 58. Na5 f4 59.
Nc4 Kc6 60. Nd2 Bc3 61. Nf3 Bf6 62. Kg1 Kc5 63. Kf2 Kb4 64. Ke2 Kxa4 65. Kd3
Ka3 66. Ke4 Kxa2 67. Kxf4 Kb3 68. Ne5 1-0

[Event "DPMM 2122 OSG Baden-Baden - SG Solingen"]
[Site "?"]
[Date "2022.05.22"]
[Round "40.4"]
[White "Wegerle, Joerg"]
[Black "Meier, Georg"]
[Result "1/2-1/2"]
[WhiteElo "2405"]
[BlackElo "2632"]
[PlyCount "60"]
[EventDate "2022.??.??"]

1. d4 Nf6 2. Bg5 d5 3. Bxf6 exf6 4. e3 Bd6 5. c4 dxc4 6. Bxc4 O-O 7. Nc3 Nd7 8.
Qf3 c5 9. Nge2 cxd4 10. exd4 f5 11. h3 Nf6 12. O-O a6 13. Rad1 Rb8 14. Bb3 g6
15. Nf4 Kg7 16. Nfd5 b5 17. Nxf6 Qxf6 18. Rfe1 Bd7 19. Nd5 Qg5 20. Ne3 a5 21.
Bd5 Rfc8 22. Re2 Qf4 23. Qxf4 Bxf4 24. g3 Bd6 25. f4 Rc7 26. Kf2 Rbc8 27. Bf3
Be6 28. Bd5 Bd7 29. Bf3 Be6 30. Bd5 Bd7 1/2-1/2

[Event "DPMM 2122 Schachfreunde Deizisau - OSG"]
[Site "?"]
[Date "2022.07.16"]
[Round "50.2"]
[White "Moussard, Jules"]
[Black "Shirov, Alexei"]
[Result "1/2-1/2"]
[WhiteElo "2672"]
[BlackElo "2704"]
[PlyCount "88"]
[EventDate "2022.??.??"]

1. e4 e5 2. Nf3 Nc6 3. Bc4 Bc5 4. O-O Nf6 5. d3 O-O 6. h3 h6 7. Re1 Re8 8. c3
d5 9. exd5 Nxd5 10. d4 Nb6 11. Bb5 exd4 12. Rxe8+ Qxe8 13. cxd4 Bd6 14. Nc3 Bd7
15. Be3 Nb4 16. Bxd7 Qxd7 17. a3 N4d5 18. Qb3 Re8 19. Nxd5 Nxd5 20. Bd2 c6 21.
a4 Bf4 22. Qd3 Bxd2 23. Qxd2 Qf5 24. Re1 Re4 25. Qa5 Kh7 26. b3 a6 27. Qd2 Nf4
28. Rxe4 Qxe4 29. Qe3 Ne2+ 30. Kh2 f5 31. g4 Qxe3 32. fxe3 f4 33. exf4 Nxf4 34.
Kg3 g5 35. h4 Kg6 36. hxg5 hxg5 37. Ne5+ Kf6 38. Kf3 Ke6 39. Ke4 Nd5 40. Nf3
Nf6+ 41. Kd3 Kd5 42. Nxg5 a5 43. Nh3 Nxg4 44. Nf4+ Kd6 1/2-1/2

[Event "DPMM 2122 Schachfreunde Deizisau - OSG"]
[Site "?"]
[Date "2022.07.16"]
[Round "50.3"]
[White "Dautov, Rustem"]
[Black "Movsesian, Sergei"]
[Result "1/2-1/2"]
[WhiteElo "2591"]
[BlackElo "2618"]
[PlyCount "34"]
[EventDate "2022.??.??"]

1. d4 Nf6 2. c4 e6 3. Nf3 d5 4. Nc3 Bb4 5. Bg5 h6 6. Bxf6 Qxf6 7. Qa4+ Nc6 8.
e3 O-O 9. Be2 dxc4 10. O-O Bd7 11. Bxc4 Bxc3 12. bxc3 Rfd8 13. Be2 Be8 14. Qa3
Qe7 15. Qb2 b6 16. c4 Na5 17. e4 Qf6 1/2-1/2